| 000 | 00827cab a22002175a 4500 | ||
|---|---|---|---|
| 001 | L157468 | ||
| 008 | 121218e20121208xxk 000 0 eng d | ||
| 035 | _a(Sirsi) u157468 | ||
| 041 | 0 | _aeng | |
| 100 | 1 | _aBijlani, Charlotte | |
| 245 | 0 | 0 | _aValuers in the firing line |
| 260 | _c2012 | ||
| 490 |
_aEstates Gazette _v(1249) 8 December 2012, 62-63(2) |
||
| 520 | _aWhat can be learnt from, "Capita Alternative Fund Services (Guernsey) Ltd v Drivers Jonas" [2012]. Drivers Jonas was ordered to pay Capita £11.86m plus interest for a negligent valuation at a factory outlet. | ||
| 590 | _aKA | ||
| 650 | 2 | 4 | _aCAPITA ALTERNATIVE FUND SERVICES (GUERNSEY) LTD V MATRIX SECURITIES LTD AND DRIVERS JONAS (A FIRM) |
| 651 | 4 | _aUnited Kingdom | |
| 690 |
_aValuation _96273 |
||
| 690 |
_aProperty management _96262 |
||
| 942 | _n0 | ||
| 999 |
_c84396 _d84396 |
||